| 000 | 00625cas a2200205 a 4500 | ||
|---|---|---|---|
| 040 | _cNIC | ||
| 082 | _a338 UNI 2005 A067 Or. | ||
| 245 | 0 | 0 |
_aAnnual development co-operation report : _bCambodia. |
| 246 | 1 | 4 | _aDevelopment co-operation Cambodia |
| 260 |
_a[Phnom Penh?] : _bUnited Nations Development Programme |
||
| 300 |
_av. ; _c30 cm. |
||
| 650 | 0 | _aEconomic assistance | |
| 650 | 0 | _aHumanitarian assistance | |
| 650 | 7 | _aEconomic assistance. | |
| 650 | 7 | _aEconomic history. | |
| 650 | 7 | _aHumanitarian assistance. | |
| 650 | 7 | _aSocial conditions | |
| 710 | 2 | _aUnited Nations Development Programme. | |
| 942 | _cEK | ||
| 999 |
_c14485 _d14485 |
||